|
|
|
|
| LEADER |
00000nam a2200000 a 4500 |
| 001 |
UCR1224 |
| 003 |
CL-VaPUC |
| 008 |
971212e19040000CL |||||||||||||||||spa|d |
| 082 |
0 |
4 |
|a 347.83
|b RIS
|2 21
|
| 100 |
0 |
|
|a Risopatrón, Carlos
|e author
|9 398216
|
| 245 |
1 |
0 |
|a Estudios sobre el código de procedimiento civil de Chile
|
| 300 |
|
|
|a 890 p
|
| 942 |
|
|
|c BK
|
| 945 |
|
|
|d 19971212 00:00:00
|a cmena
|
| 260 |
|
|
|a Santiago
|b Cervantes
|c 1904
|
| 650 |
|
0 |
|a Código civil
|9 256135
|
| 650 |
|
0 |
|a Derecho civil
|9 255013
|
| 650 |
|
7 |
|a DERECHO CHILENO
|2 CL-VaPUC
|9 398217
|
| 650 |
|
0 |
|a Justicia
|9 255408
|
| 650 |
|
0 |
|a Obligaciones
|9 255578
|
| 650 |
|
0 |
|a Recurso de casación
|9 258890
|
| 650 |
|
7 |
|a DEMANDA
|2 CL-VaPUC
|9 255172
|
| 650 |
|
0 |
|a Pruebas
|9 256249
|
| 650 |
|
0 |
|a Apreciación de la prueba
|9 254854
|
| 650 |
|
7 |
|a CONFESION
|2 CL-VaPUC
|9 314483
|
| 650 |
|
0 |
|a Contratos
|9 255153
|
| 650 |
|
7 |
|a MATRIMONIO
|2 CL-VaPUC
|9 398218
|
| 650 |
|
0 |
|a Derecho privado
|9 258243
|
| 650 |
|
0 |
|a Bienes
|9 255749
|
| 650 |
|
0 |
|a Hacienda pública
|9 258673
|
| 650 |
|
7 |
|a EMPLEADOS PUBLICOS
|2 CL-VaPUC
|9 256133
|
| 650 |
|
0 |
|a Testamento
|9 258220
|
| 651 |
|
7 |
|a CHILE
|2 CL-VaPUC
|9 398219
|
| 583 |
|
|
|a last modification
|c 19971212 00:00:00
|k Rodrigo Vera
|
| 999 |
|
|
|c 264701
|d 264699
|
| 952 |
|
|
|0 0
|1 0
|2 ddc
|4 0
|5 1
|6 347_830000000000000_RIS_1904
|7 1
|8 C_LRYV
|9 295100
|a FDOBRV
|b BIBDER
|d 2019-11-19
|i 1921797
|l 2
|o 347.83 RIS 1904
|p 1921797
|r 2023-01-25
|s 2022-07-08
|w 2019-11-19
|x Ubicación 4to Piso
|y BK_X
|z Estos recursos deben solicitarse con anticipación
|k BRV
|